Asian defence review 2019 / (Record no. 169414)

MARC details
000 -LEADER
fixed length control field 00539nam a22001817a 4500
005 - DATE AND TIME OF LATEST TRANSACTION
control field 20191119145858.0
010 ## - LCCN (DPL NO)
LC control number ENG-126923
020 ## - INTERNATIONAL STANDARD BOOK NUMBER
Terms of availability 1080.00
International Standard Book Number 9789389137200
035 ## - SYSTEM CONTROL NUMBER
System control number EN-110455
037 ## - SOURCE OF ACQUISITION
Source of stock number/acquisition DBAD/PUB
082 ## - DEWEY DECIMAL CLASSIFICATION NUMBER
Classification number 358.400
245 ## - TITLE STATEMENT
Title Asian defence review 2019 /
Statement of responsibility, etc ed.by KK Nohwar
260 ## - PUBLICATION, DISTRIBUTION, ETC. (IMPRINT)
Place of publication, distribution, etc New Delhi
Name of publisher, distributor, etc KW Publishers
Date of publication, distribution, etc 2020
270 ## - ADDRESS
Address 4676/21, First Floor, Ansari Road, Daryaganj,
Postal code 110002
City New Delhi
300 ## - PHYSICAL DESCRIPTION
Extent ix,273p.
Dimensions 23cm(Hb)
700 ## - ADDED ENTRY--PERSONAL NAME
Personal name Nohwar, KK
942 ## - ADDED ENTRY ELEMENTS (KOHA)
Source of classification or shelving scheme Dewey Decimal Classification
Item type English Books
Classification part 358.400
Call number suffix ASI
Holdings
Withdrawn status Lost status Not for loan Collection code Home library Current library Date acquired Source of acquisition Cost, normal purchase price Full call number Barcode Copy number Cost, replacement price Koha item type
      Non-fiction Sarojini Nagar Sarojini Nagar 19/11/2019 DBAD/PUB 1080.00 358.400 ASI EN-110455 1 1080.00 English Books

© Delhi Public Library
Hit Counter
free hit counter